Law points for law entrants / (Record no. 67216)

MARC details
000 -LEADER
fixed length control field 00565nam a22001577a 4500
005 - DATE AND TIME OF LATEST TRANSACTION
control field 20120526130734.0
020 ## - INTERNATIONAL STANDARD BOOK NUMBER
International Standard Book Number 8187046031
Terms of availability 00
035 ## - SYSTEM CONTROL NUMBER
System control number A-944978
037 ## - SOURCE OF ACQUISITION
Stock number DPL
Source of stock number/acquisition ENG
245 ## - TITLE STATEMENT
Title Law points for law entrants /
Statement of responsibility, etc edited by Nomita Aggarwal
260 ## - PUBLICATION, DISTRIBUTION, ETC. (IMPRINT)
Place of publication, distribution, etc Delhi
Name of publisher, distributor, etc Indian Tax Institute
Date of publication, distribution, etc 1998
300 ## - PHYSICAL DESCRIPTION
Extent viii, 140p.
Dimensions 20 cms.
700 ## - ADDED ENTRY--PERSONAL NAME
Personal name Aggarwal, Nomita
9 (RLIN) 48010
942 ## - ADDED ENTRY ELEMENTS (KOHA)
Source of classification or shelving scheme Dewey Decimal Classification
Item type English Books
Classification part 340.7
Call number suffix AGG
Holdings
Withdrawn status Lost status Not for loan Collection code Home library Current library Date acquired Cost, normal purchase price Full call number Barcode Cost, replacement price Koha item type
      Non-fiction Sarojini Nagar Sarojini Nagar 26/05/2012 0.00 340.7 AGG A-944978 0.00 English Books

© Delhi Public Library
Hit Counter
free hit counter